| 000 | 00421nam a22001457a 4500 | ||
|---|---|---|---|
| 020 | _a9780521670456 | ||
| 040 | _cNust | ||
| 082 |
_a515.35 _bKIN |
||
| 100 |
_aA.C. King, j. Billingham _9124409 |
||
| 110 |
_aS.R. Otto _9124410 |
||
| 245 |
_aDifferential Equations _bLinear, Non Linear, Ordinary, Partial |
||
| 260 |
_aUK: _bCambridge University Press, _c2010. |
||
| 650 |
_aDifferential Equations _9688 |
||
| 942 |
_2ddc _cBK |
||
| 999 |
_c610281 _d610281 |
||